Los estados de carencia en los agrios / (Record no. 127926)

MARC details
000 -LEADER
campo de control de longitud fija 00597nam a2200181 4500
001 - NÚMERO DE CONTROL
campo de control 127926
003 - IDENTIFICADOR DE NÚMERO DE CONTROL
campo de control ES-MaACL
005 - FECHA Y HORA DE LA ÚLTIMA TRANSACCIÓN
campo de control 20230906193124.0
007 - CAMPO FIJO DE DESCRIPCIÓN FÍSICA--INFORMACIÓN GENERAL
campo de control de longitud fija t|
008 - DATOS DE LONGITUD FIJA--INFORMACIÓN GENERAL
campo de control de longitud fija 070214s1970 sp r ||||1| spa d
100 1# - ENTRADA PRINCIPAL--NOMBRE DE PERSONA
Nombre de persona Rivero, José María del.
9 (RLIN) 97685
245 14 - MENCIÓN DEL TÍTULO
Título Los estados de carencia en los agrios /
Mención de responsabilidad, etc. por José María del Rivero ; prólogo del Dr. Walter Reuther.
250 ## - MENCION DE EDICION
Mención de edición 2ª ed. rev. y amp., reimp.
260 ## - PUBLICACIÓN, DISTRIBUCIÓN, ETC.
Lugar de publicación, distribución, etc. Madrid :
Nombre del editor, distribuidor, etc. Mundi-Prensa,
Fecha de publicación, distribución, etc. 1970.
300 ## - DESCRIPCIÓN FÍSICA
Extensión 510 p., 24 lám. col. :
Otras características físicas il. ;
Dimensiones 26 cm.
700 1# - ENTRADA AGREGADA--NOMBRE PERSONAL
Nombre de persona Reuther, Walter.
9 (RLIN) 96383
852 ## - LOCALIZACIÓN
Ubicación ES-MaACL
Número de control de estantería A-6446
Sublocalización o colección R.95162
Holdings
Estatus retirado Estado de pérdida Estado de daño No para préstamo Biblioteca de origen Biblioteca actual Ubicación en estantería Fecha de adquisición Fuente de adquisición Total de préstamos Signatura topográfica completa Código de barras Visto por última vez Precio de reemplazo Tipo de ítem Koha
        Biblioteca del Ateneo de Madrid Biblioteca del Ateneo de Madrid Sala Pecera Planta 1 17/01/2008     A-6446 1133240 23/02/2023 23/02/2023 Libro impreso